Library of the University of Algiers 3
Ibrahim Sultan Cheibout
شعار جامعة الجزائر 3
مكتبة جامعة الجزائر 3
إبراهيم سلطان شيبوط

العمليات الادارية : (رقم التسجيلة. 42882)

تفاصيل مارك
000 -LEADER
fixed length control field 01534nam a2200217Ia 4500
003 - CONTROL NUMBER IDENTIFIER
control field Ost
005 - DATE AND TIME OF LATEST TRANSACTION
control field 20260507075110.0
008 - FIXED-LENGTH DATA ELEMENTS--GENERAL INFORMATION
fixed length control field 260507s9999||||xx |||||||||||||| ||und||
040 ## - CATALOGING SOURCE
Transcribing agency fsecg
041 ## - LANGUAGE CODE
Language code of text/sound track or separate title ara
082 ## - DEWEY DECIMAL CLASSIFICATION NUMBER
Classification number 330
100 ## - MAIN ENTRY--PERSONAL NAME
Personal name الشرقاوي، على
Relator term مؤلف
245 #0 - TITLE STATEMENT
Title العمليات الادارية :
Remainder of title وظائف المدرين /
Statement of responsibility, etc. على الشرقاوي
250 ## - EDITION STATEMENT
Edition statement طبعة 3
260 ## - PUBLICATION, DISTRIBUTION, ETC.
Place of publication, distribution, etc. الاسكندرية:
Name of publisher, distributor, etc. دار الجامعية الجديدة للنشر,
Date of publication, distribution, etc. 2002
300 ## - PHYSICAL DESCRIPTION
Dimensions 24 سم
520 ## - SUMMARY, ETC.
Summary, etc. في هذا الكتاب القسم الاول : المفاهيم الأساسية 1/ ماهية الادارة 2/ تطور المبادئ والممارسات الادارية القديمة 3/ المدارس المنظمة لدارسة الادارة القسم الثاني : الادارة والمدريرون 1/ المديرون وظائفهم وأسلوب ممارستها 2/اتخاذ القرارات القسم الثالث : الوظائف الادارية 3/التخطيط 4/عناصر التخطيط 5/التخطيط الاستراتيجي 6/التنظيم وماهيته وأنواعه 7/التنظيم : تقسيم وتحليل العمل 8/التنظيم : تكوين وحدات العمل 9/التنظيم : علاقات السلطة المسؤولة 10/نقاط الاشراف 11/ التوجيه 12/الدافعية 13/ الاتصال 14/ الرقابة .
653 ## - INDEX TERM--UNCONTROLLED
Uncontrolled term ادارة
653 ## - INDEX TERM--UNCONTROLLED
Uncontrolled term المدير
942 ## - ADDED ENTRY ELEMENTS (KOHA)
Koha item type كتب
المقتنيات
Withdrawn status Lost status Source of classification or shelving scheme Damaged status Not for loan Home library Current library Date acquired Serial enumeration / chronology Inventory number Total checkouts Full call number Barcode Date last seen Price effective from Koha item type
    Dewey Decimal Classification   NOT LOAN / إعارة داخلية مكتبة كلية العلوم الإقتصادية والعلوم التجارية وعلوم التسيير مكتبة كلية العلوم الإقتصادية والعلوم التجارية وعلوم التسيير 07/05/2026 الطابق الأرضي 1482/1   أ/1482ن1 1482/1 07/05/2026 07/05/2026 كتب

موارد الويب المفتوحة


© University of Algiers 3 All Rights Reserved
|
Implemented by LECHELAH Riad